000 00488nam a2200157 4500
001 120170
003 ES-MaACL
005 20230906191459.0
007 t|
008 070214s1948 sp r ||||1| spa d
100 1 _aPiqué y Amorós, Cándido.
_992321
245 1 4 _aLos dos castillos
_b: drama en tres actos y en verso /
_cpor Cándido Piqué y Amorós.
260 _aLérida :
_b[s. n.],
_c1948 (
_fImp. Sotos)
300 _a130 p. ;
_c16 cm.
852 _aES-MaACL
_j1792-F-12
_bR.27040
999 _c120170
_d120170